[Event "February TNT"]
[Site "Winnipeg CAN"]
[Date "2006.02.14"]
[Round "2"]
[White "Cleto, Sam"]
[Black "Kwiatek, Jordan"]
[Result "0-1"]
[WhiteElo "1822"]
[BlackElo "1695"]
[PlyCount "124"]
[EventDate "2006.02.07"]
[EventType "swiss"]
[EventRounds "4"]
[EventCountry "CAN"]

1. d4 Nf6 2. c4 c5 3. d5 b5 4. cxb5 a6 5. bxa6 g6 6. Nc3 Bxa6 7. e4 Bxf1 8.
Kxf1 d6 9. Qb3 Bg7 10. Nge2 O-O 11. g3 Nbd7 12. Bf4 Qa5 13. Kg2 Rfb8 14. Qc2
Qb4 15. Rab1 Ng4 16. a3 Qb3 17. Qxb3 Rxb3 18. Nc1 Rb6 19. Nd3 Rb3 20. h3 Nge5
21. Nxe5 Nxe5 22. Bxe5 Bxe5 23. Rhc1 Rab8 24. Na4 Ra8 25. Rc4 Rab8 26. h4 Rxa3
27. bxa3 Rxb1 28. f4 Bd4 29. e5 dxe5 30. Nxc5 Bxc5 31. Rxc5 exf4 32. gxf4 Rb3
33. Rc8+ Kg7 34. Ra8 Kf6 35. a4 Kf5 36. Rf8 Kf6 37. Ra8 Ra3 38. Ra7 h6 39. a5
Kg7 40. a6 Kf6 41. Kf2 Ra5 42. Kf3 Rxd5 43. Ke4 Ra5 44. Ra8 Ra4+ 45. Ke3 e5 46.
fxe5+ Kxe5 47. a7 Ra3+ 48. Kd2 Kf4 49. Ke2 h5 50. Kf2 Kg4 51. Kg2 Kxh4 52. Kf1
Kg3 53. Ke1 h4 54. Kf1 h3 55. Re8 Rxa7 56. Re3+ Kg4 57. Kg1 f5 58. Kh2 Ra2+ 59.
Kh1 f4 60. Re4 Kg3 61. Re1 f3 62. Kg1 f2+ 0-1

[Event "February TNT"]
[Site "Winnipeg CAN"]
[Date "2006.02.14"]
[Round "2"]
[White "Greenberg, Harley"]
[Black "Proulx, Roy"]
[Result "1-0"]
[WhiteElo "1742"]
[BlackElo "1774"]
[PlyCount "51"]
[EventDate "2006.02.07"]
[EventType "swiss"]
[EventRounds "4"]
[EventCountry "CAN"]

1. d4 d5 2. c4 e6 3. Nc3 Nf6 4. Nf3 Be7 5. Bg5 O-O 6. e3 Nbd7 7. Qc2 c6 8. Rc1
Re8 9. Bd3 dxc4 10. Bxc4 Nd5 11. Bxe7 Qxe7 12. O-O N7f6 13. a3 Bd7 14. Rfe1
Rac8 15. b4 a5 16. bxa5 Qxa3 17. Ne4 Nxe4 18. Qxe4 Qxa5 19. Ne5 Re7 20. Bd3 f5
21. Qh4 Nf6 22. e4 fxe4 23. Bxe4 Rf8 24. Bb1 Qb4 25. Ng4 Qxd4 26. Nh6+ 1-0

[Event "February TNT"]
[Site "Winnipeg CAN"]
[Date "2006.02.14"]
[Round "2"]
[White "Oberton, Daniel"]
[Black "Khedkar, Jay"]
[Result "1/2-1/2"]
[WhiteElo "1762"]
[BlackElo "1880"]
[PlyCount "71"]
[EventDate "2006.02.07"]
[EventType "swiss"]
[EventRounds "4"]
[EventCountry "CAN"]

1. e4 c5 2. d4 cxd4 3. c3 dxc3 4. Nxc3 Nc6 5. Nf3 d6 6. Bc4 e6 7. O-O Nf6 8.
Qe2 Be7 9. Rd1 Qc7 10. Be3 O-O 11. Rac1 Qb8 12. Bb3 Nd7 13. Bf4 a6 14. Na4 Nce5
15. Nxe5 dxe5 16. Be3 b5 17. Nc5 Nxc5 18. Bxc5 Bxc5 19. Rxc5 Bb7 20. Rc2 Rd8
21. Rxd8+ Qxd8 22. Rd2 Qc7 23. Qd3 h6 24. f3 Rc8 25. Kf2 Kf8 26. a4 Ke7 27.
axb5 Qb6+ 28. Qe3 Qxe3+ 29. Kxe3 axb5 30. Rc2 f5 31. Rxc8 Bxc8 32. Bc2 Kd6 33.
b4 Bd7 34. Kf2 Ke7 35. g4 Kf6 36. h4 1/2-1/2

[Event "February TNT"]
[Site "Winnipeg CAN"]
[Date "2006.02.14"]
[Round "2"]
[White "Tang, Edward"]
[Black "Reimer, Bruce"]
[Result "1-0"]
[WhiteElo "1991"]
[BlackElo "1494"]
[PlyCount "41"]
[EventDate "2006.02.07"]
[EventType "swiss"]
[EventRounds "4"]
[EventCountry "CAN"]

1. d4 Nf6 2. c4 e5 3. dxe5 Ng4 4. Nf3 Nc6 5. Bf4 Bb4+ 6. Nbd2 Qe7 7. e3 Ngxe5
8. Be2 O-O 9. O-O Bxd2 10. Qxd2 d6 11. Nd4 Be6 12. Rac1 Rad8 13. Qc3 d5 14.
Nxe6 Qxe6 15. cxd5 Rxd5 16. Rfd1 Rfd8 17. b3 Qd6 18. Rxd5 Qxd5 19. Bxe5 Nxe5
20. Qxc7 Rd7 21. Qxe5 1-0

[Event "February TNT"]
[Site "Winnipeg CAN"]
[Date "2006.02.14"]
[Round "2"]
[White "Wierda, John"]
[Black "Rumpel, Chris"]
[Result "1-0"]
[WhiteElo "1778"]
[BlackElo "1559"]
[PlyCount "61"]
[EventDate "2006.02.07"]
[EventType "swiss"]
[EventRounds "4"]
[EventCountry "CAN"]

1. Nf3 d5 2. c4 c6 3. cxd5 cxd5 4. d4 Nc6 5. g3 Nf6 6. Nc3 a6 7. Bg2 e6 8. O-O
Bd6 9. Bg5 O-O 10. Rc1 h6 11. Bd2 Ne4 12. Nxe4 dxe4 13. Ne1 f5 14. e3 Ne7 15.
Qb3 Nd5 16. f3 Nf6 17. fxe4 fxe4 18. Qc2 Bd7 19. Bxe4 Nxe4 20. Qxe4 Rxf1+ 21.
Kxf1 Qf6+ 22. Qf3 Bb5+ 23. Kg1 Qg6 24. Qxb7 Rf8 25. Rc8 Qb1 26. Rxf8+ Bxf8 27.
Bc3 Qxa2 28. Qf3 Qc4 29. Qf2 Bc6 30. Nf3 g5 31. Ne5 1-0

[Event "February TNT"]
[Site "Winnipeg CAN"]
[Date "2006.02.21"]
[Round "3"]
[White "Essery, Richard"]
[Black "Gibbons, Lorne"]
[Result "1-0"]
[WhiteElo "1540"]
[BlackElo "1279"]
[PlyCount "57"]
[EventDate "2006.02.07"]
[EventType "swiss"]
[EventRounds "4"]
[EventCountry "CAN"]

1. d4 d5 2. Nf3 Nc6 3. Bf4 f6 4. e3 a6 5. c3 e6 6. Bd3 Bd6 7. Bg3 Qe7 8. Qc2 g6
9. Nbd2 e5 10. dxe5 fxe5 11. Bh4 Qg7 12. Be2 Nge7 13. O-O-O Be6 14. Ng5 Bd7 15.
h3 Qh6 16. Ngf3 e4 17. Bg5 Qf8 18. Nxe4 dxe4 19. Qxe4 Bf5 20. Qa4 Bd7 21. Qb3
Na5 22. Qc2 b5 23. Qd2 h6 24. Bf4 Bxf4 25. Qxd7+ Kf7 26. exf4 c6 27. Ne5+ Kg7
28. Qd4 Rd8 29. Nd7+ 1-0

[Event "February TNT"]
[Site "Winnipeg CAN"]
[Date "2006.02.21"]
[Round "3"]
[White "Gibson, Fred"]
[Black "Tang, Edward"]
[Result "0-1"]
[WhiteElo "1183"]
[BlackElo "1991"]
[PlyCount "34"]
[EventDate "2006.02.07"]
[EventType "swiss"]
[EventRounds "4"]
[EventCountry "CAN"]

1. e4 e5 2. Nf3 Nf6 3. d4 Nxe4 4. Nc3 Nxc3 5. bxc3 exd4 6. cxd4 d5 7. Bd3 Be7
8. O-O O-O 9. Bb2 Bg4 10. c3 Nd7 11. h3 Bh5 12. Qe2 Re8 13. Bxh7+ Kxh7 14. Qd3+
Bg6 15. Qd1 Kg8 16. Re1 Bf6 17. Re3 Nb6 0-1

[Event "February TNT"]
[Site "Winnipeg CAN"]
[Date "2006.02.21"]
[Round "3"]
[White "Khedkar, Jay"]
[Black "Wierda, John"]
[Result "0-1"]
[WhiteElo "1880"]
[BlackElo "1778"]
[PlyCount "108"]
[EventDate "2006.02.07"]
[EventType "swiss"]
[EventRounds "4"]
[EventCountry "CAN"]

1. e4 e6 2. d4 d5 3. Nd2 c5 4. exd5 Qxd5 5. Ngf3 Nc6 6. Bc4 Qd7 7. O-O Nf6 8.
Nb3 cxd4 9. Nfxd4 Nxd4 10. Nxd4 a6 11. Re1 Qc7 12. Bb3 Bd6 13. Nf5 Bxh2+ 14.
Kh1 O-O 15. Ne7+ Qxe7 16. Kxh2 Qc7+ 17. Kg1 b5 18. Bg5 Nd7 19. Qh5 Nc5 20. Re3
f6 21. Bf4 Qe7 22. Bd5 Bb7 23. Rd1 Rad8 24. b4 Qf7 25. Qxf7+ Kxf7 26. bxc5 Rxd5
27. Rxd5 Bxd5 28. Bd6 Rc8 29. f3 Rc6 30. Kf2 Bxa2 31. Ra3 Bc4 32. Ke3 e5 33. f4
exf4+ 34. Kxf4 g5+ 35. Ke4 Kg6 36. Kd4 h5 37. Re3 a5 38. Re7 a4 39. Ra7 Kf5 40.
Kc3 h4 41. Kb4 Kg4 42. Rb7 Bf1 43. Rb6 Rxb6 44. cxb6 Bxg2 45. Kxb5 f5 46. c4 h3
47. c5 a3 48. c6 Bxc6+ 49. Kxc6 a2 50. b7 a1=Q 51. b8=Q f4 52. Be5 Qd1 53. Qc8+
Kg3 54. Qf5 Qg4 0-1

[Event "February TNT"]
[Site "Winnipeg CAN"]
[Date "2006.02.21"]
[Round "3"]
[White "Kwiatek, Jordan"]
[Black "Greenberg, Harley"]
[Result "1-0"]
[WhiteElo "1695"]
[BlackElo "1742"]
[PlyCount "75"]
[EventDate "2006.02.07"]
[EventType "swiss"]
[EventRounds "4"]
[EventCountry "CAN"]

1. d4 Nf6 2. c4 e6 3. Nf3 c5 4. g3 d5 5. cxd5 exd5 6. Bg2 Nc6 7. O-O Qb6 8.
dxc5 Bxc5 9. Nc3 Be6 10. Na4 Qb5 11. Nxc5 Qxc5 12. Be3 Qb5 13. a4 Qa6 14. Nd4
O-O 15. Nb5 Rfc8 16. h3 Nb4 17. Bf4 Ne8 18. Qd2 Nc2 19. Rac1 Qxa4 20. Nc3 Qb3
21. Nxd5 Bxd5 22. Bxd5 Qxb2 23. Rb1 Qd4 24. Bxb7 Qxd2 25. Bxd2 Rd8 26. Bxa8
Rxd2 27. Rb2 Rd8 28. Bg2 Nd4 29. e3 Ne6 30. Rb7 a6 31. Rfb1 Kf8 32. Ra7 N8c7
33. Rbb7 Rc8 34. f4 f5 35. Bc6 Ke7 36. Bd5 Kd8 37. Bxe6 Nxe6 38. Rd7+ 1-0

[Event "February TNT"]
[Site "Winnipeg CAN"]
[Date "2006.02.21"]
[Round "3"]
[White "Oberton, Daniel"]
[Black "Prince, Colin"]
[Result "0-1"]
[WhiteElo "1762"]
[BlackElo "1801"]
[PlyCount "72"]
[EventDate "2006.02.07"]
[EventType "swiss"]
[EventRounds "4"]
[EventCountry "CAN"]

1. e4 e6 2. d4 d5 3. exd5 exd5 4. Bd3 Bd6 5. Nf3 Ne7 6. O-O Bg4 7. Bg5 f6 8.
Bh4 Nd7 9. Bg3 Bxg3 10. fxg3 Nf8 11. Nbd2 Qd6 12. c3 h5 13. Qb3 O-O-O 14. a4 g5
15. a5 Nfg6 16. Qc2 Rdg8 17. b4 h4 18. gxh4 Nxh4 19. Nxh4 Rxh4 20. g3 Rh3 21.
Rf2 Rgh8 22. Nf1 f5 23. Re1 f4 24. Qd2 Bf5 25. Bxf5+ Nxf5 26. gxf4 g4 27. Qe2
g3 28. Rg2 gxh2+ 29. Nxh2 Re3 30. Qd2 Rhe8 31. Rxe3 Nxe3 32. Rg3 Qxf4 33. Qf2
Qe4 34. Qf3 Qb1+ 35. Nf1 Nxf1 36. Qxf1 Re1 0-1

[Event "February TNT"]
[Site "Winnipeg CAN"]
[Date "2006.02.21"]
[Round "3"]
[White "Reimer, Bruce"]
[Black "Cleto, Sam"]
[Result "0-1"]
[WhiteElo "1494"]
[BlackElo "1822"]
[PlyCount "38"]
[EventDate "2006.02.07"]
[EventType "swiss"]
[EventRounds "4"]
[EventCountry "CAN"]

1. e4 c5 2. Nc3 a6 3. f4 e6 4. Nf3 d6 5. Be2 Nc6 6. O-O Qc7 7. d3 Be7 8. Qe1
Nf6 9. h3 b5 10. b3 O-O 11. Be3 b4 12. Nd1 e5 13. fxe5 dxe5 14. Qf2 Nd4 15.
Nxd4 cxd4 16. Bg5 Nxe4 17. dxe4 Bxg5 18. Bc4 Be6 19. Nb2 Be3 0-1

[Event "February TNT"]
[Site "Winnipeg CAN"]
[Date "2006.02.28"]
[Round "4"]
[White "Cleto, Sam"]
[Black "Oberton, Daniel"]
[Result "1-0"]
[WhiteElo "1822"]
[BlackElo "1762"]
[PlyCount "155"]
[EventDate "2006.02.07"]
[EventType "swiss"]
[EventRounds "4"]
[EventCountry "CAN"]

1. c4 e5 2. Nc3 Nf6 3. Nf3 Nc6 4. g3 g6 5. Bg2 Bg7 6. O-O d6 7. Rb1 Bf5 8. d3
Qd7 9. b4 Bh3 10. Nd5 Bxg2 11. Kxg2 h5 12. h4 O-O 13. Nxf6+ Bxf6 14. e3 Qg4 15.
b5 Ne7 16. e4 b6 17. a4 a6 18. Be3 axb5 19. axb5 Ra5 20. Bd2 Ra7 21. Ra1 Rfa8
22. Rxa7 Rxa7 23. Qc1 Bg7 24. Qb2 Qc8 25. Ra1 Qa8 26. Rxa7 Qxa7 27. Bg5 f6 28.
Be3 Qa4 29. Qc1 Qb3 30. Ne1 Qa2 31. Nc2 Kf7 32. Nb4 Qb3 33. Qd2 f5 34. Bg5 Bf6
35. exf5 Nxf5 36. Bxf6 Kxf6 37. Nd5+ Kf7 38. Qg5 Qxd3 39. Qf6+ Kg8 40. Qxg6+
Kh8 41. Qf6+ Kh7 42. Qf7+ Ng7 43. Nf6+ Kh6 44. g4 hxg4 45. Nxg4+ Kh7 46. Nf6+
Kh6 47. h5 Qf5 48. Ng8+ Kh7 49. Qxf5+ Nxf5 50. Nf6+ Kh6 51. Ne8 Ne7 52. Nxc7
Kxh5 53. Na8 Nc8 54. Kf3 Kg5 55. Ke4 Kg4 56. Nc7 Ne7 57. Ne8 Nc8 58. Nf6+ Kg5
59. Nd5 Kg4 60. Ne3+ Kg5 61. Kd5 Kf4 62. Kc6 Kf3 63. Kd7 Kxf2 64. Nd5 Ke2 65.
Kxc8 Kd3 66. Nxb6 e4 67. Nd5 Kxc4 68. b6 Kxd5 69. b7 Kd4 70. b8=Q d5 71. Qb4+
Kd3 72. Qb3+ Kd4 73. Qd1+ Ke5 74. Kd7 e3 75. Kc6 Kf4 76. Kxd5 Kg3 77. Ke4 Kf2
78. Qf3+ 1-0

[Event "February TNT"]
[Site "Winnipeg CAN"]
[Date "2006.02.28"]
[Round "4"]
[White "Essery, Richard"]
[Black "Khedkar, Jay"]
[Result "0-1"]
[WhiteElo "1540"]
[BlackElo "1880"]
[PlyCount "94"]
[EventDate "2006.02.07"]
[EventType "swiss"]
[EventRounds "4"]
[EventCountry "CAN"]

1. d4 Nf6 2. Nf3 g6 3. Bf4 Bg7 4. e3 d6 5. Nbd2 Nbd7 6. Bc4 Nb6 7. Bb3 O-O 8.
O-O Be6 9. Bxe6 fxe6 10. h3 Qd7 11. c3 Rad8 12. Qb3 Nfd5 13. Bh2 Bh6 14. c4 Nf6
15. Rad1 Qa4 16. Qc3 a5 17. b3 Qb4 18. Qc1 a4 19. a3 Qa5 20. b4 Qh5 21. Qc2 g5
22. Ne4 g4 23. Ng3 Qf7 24. hxg4 Nxg4 25. Qe4 Nxh2 26. Nxh2 Nxc4 27. Ng4 Bg7 28.
Qxb7 h5 29. Nh2 h4 30. Ne4 Qg6 31. Nd2 Nxa3 32. Ra1 Qd3 33. Qxc7 Bf6 34. Qc1
Nb5 35. Qc4 Qxc4 36. Nxc4 Nc3 37. Nb6 e5 38. dxe5 Bxe5 39. Ra3 Rf5 40. Nf3 Bf6
41. Nxh4 Ne2+ 42. Kh1 Bxh4 43. Raa1 Bxf2 44. g4 Rf3 45. Kg2 Rdf8 46. Ra2 Rg3+
47. Kh1 Rf7 0-1

[Event "February TNT"]
[Site "Winnipeg CAN"]
[Date "2006.02.28"]
[Round "4"]
[White "Prince, Colin"]
[Black "Kwiatek, Jordan"]
[Result "1/2-1/2"]
[WhiteElo "1801"]
[BlackElo "1695"]
[PlyCount "76"]
[EventDate "2006.02.07"]
[EventType "swiss"]
[EventRounds "4"]
[EventCountry "CAN"]

1. f4 c5 2. Nf3 g6 3. e4 Nc6 4. Bc4 Bg7 5. c3 Qb6 6. d3 Nh6 7. a4 O-O 8. O-O e6
9. Qe1 d6 10. Qh4 Qd8 11. Ng5 d5 12. Bb3 dxe4 13. dxe4 Na5 14. Bc2 f6 15. Nf3
Nf7 16. Rd1 Qb6 17. Nbd2 Bd7 18. Nf1 Rad8 19. Rb1 Nb3 20. Ne3 Bxa4 21. Ng4
Rxd1+ 22. Bxd1 Nd6 23. e5 Nf5 24. Qf2 Nxc1 25. Rxc1 Bc6 26. exf6 Bxf6 27. Nxf6+
Rxf6 28. Ne5 c4 29. Nxc4 Qxf2+ 30. Kxf2 Bd5 31. Ne5 Nd6 32. g3 Nc4 33. Nd3 g5
34. b3 Nd6 35. Ke3 gxf4+ 36. Nxf4 Bc6 37. b4 Nc4+ 38. Kd3 Nb2+ 1/2-1/2

[Event "February TNT"]
[Site "Winnipeg CAN"]
[Date "2006.02.28"]
[Round "4"]
[White "Rumpel, Chris"]
[Black "Reimer, Bruce"]
[Result "1-0"]
[WhiteElo "1559"]
[BlackElo "1494"]
[PlyCount "51"]
[EventDate "2006.02.07"]
[EventType "swiss"]
[EventRounds "4"]
[EventCountry "CAN"]

1. Nf3 Nf6 2. g3 d5 3. Bg2 b6 4. d3 e6 5. Nbd2 Bb7 6. O-O Be7 7. Re1 O-O 8. c3
c5 9. e4 dxe4 10. Ng5 Qxd3 11. Ngxe4 Nxe4 12. Rxe4 Qd7 13. Qc2 Bxe4 14. Qxe4
Na6 15. Qe2 Nc7 16. Bxa8 Rxa8 17. Nf3 Rd8 18. Bg5 Bxg5 19. Nxg5 Qd2 20. Qh5
Qxb2 21. Qxf7+ Kh8 22. Re1 Nd5 23. Qxe6 Nc7 24. Nf7+ Kg8 25. Nh6+ Kh8 26. Qg8+
1-0

[Event "February TNT"]
[Site "Winnipeg CAN"]
[Date "2006.02.28"]
[Round "4"]
[White "Tang, Edward"]
[Black "Greenberg, Harley"]
[Result "1-0"]
[WhiteElo "1991"]
[BlackElo "1742"]
[PlyCount "109"]
[EventDate "2006.02.07"]
[EventType "swiss"]
[EventRounds "4"]
[EventCountry "CAN"]

1. d4 Nf6 2. c4 e6 3. Nc3 Bb4 4. Qc2 d5 5. cxd5 exd5 6. Bg5 O-O 7. a3 Bxc3+ 8.
Qxc3 Bf5 9. Nf3 Qd6 10. Bxf6 Qxf6 11. e3 Nd7 12. Rc1 Rfc8 13. Be2 c5 14. O-O c4
15. a4 Qb6 16. a5 Qb3 17. Qxb3 cxb3 18. Bb5 Rc2 19. Rxc2 bxc2 20. Rc1 Rc8 21.
Ne1 Nb8 22. Kf1 Nc6 23. Bxc6 Rxc6 24. Ke2 Ra6 25. b4 b6 26. axb6 Rxb6 27. Nxc2
g6 28. Kd2 Kg7 29. Kc3 Kf6 30. Na3 Rc6+ 31. Kb2 Rxc1 32. Kxc1 a6 33. Kd2 Bd7
34. f3 Bc6 35. Nb1 h5 36. Nc3 Kf5 37. Kd3 Bb7 38. e4+ dxe4+ 39. fxe4+ Kf4 40.
Ne2+ Kg5 41. d5 f5 42. Kd4 fxe4 43. Kxe4 Kf6 44. h4 Ke7 45. Ke5 Kf7 46. Nf4 Ba8
47. Nd3 Bb7 48. Nc5 Bc8 49. d6 Ke8 50. Kf6 Bf5 51. Nxa6 Be4 52. g3 Kd8 53. Nc5
Bc2 54. b5 Kc8 55. Ke7 1-0

[Event "Grand Prix Finals A"]
[Site "Winnipeg CAN"]
[Date "2006.11.07"]
[Round "1"]
[White "Khedkar, Jay"]
[Black "Babb, Jeff"]
[Result "0-1"]
[WhiteElo "1844"]
[BlackElo "2140"]
[PlyCount "94"]
[EventDate "2006.11.07"]
[EventType "tourn"]
[EventRounds "6"]
[EventCountry "CAN"]

1. e4 e5 2. f4 exf4 3. Nf3 Be7 4. Bc4 Nf6 5. Nc3 Nxe4 6. Bxf7+ Kxf7 7. Nxe4 d5
8. Nf2 Rf8 9. d4 Kg8 10. h4 Nc6 11. c3 Qd6 12. O-O Bf5 13. Nd3 Bxd3 14. Qxd3
Rf7 15. b4 a6 16. a4 Qd7 17. Ba3 Qf5 18. Qe2 Bf6 19. b5 Ne7 20. Rae1 h6 21. Ne5
Bxe5 22. Qxe5 Ng6 23. Qxf5 Rxf5 24. g4 Rf7 25. h5 Nf8 26. Re5 axb5 27. Rxd5
bxa4 28. Rf5 Ne6 29. Rxf7 Kxf7 30. d5 Ng5 31. Rxf4+ Kg8 32. Kg2 Rd8 33. Rd4 b5
34. c4 bxc4 35. Rxc4 Rxd5 36. Rxa4 Ne6 37. Kf3 Kf7 38. Bc1 Rb5 39. Rc4 Ke7 40.
Be3 Kd6 41. Ke4 Re5+ 42. Kd3 Kd5 43. Bf4 Re1 44. Bd2 Rg1 45. Rb4 c5 46. Re4 c4+
47. Ke3 c3 0-1

[Event "Grand Prix Finals A"]
[Site "Winnipeg CAN"]
[Date "2006.11.07"]
[Round "1"]
[White "Repa, Jason"]
[Black "Lauritson, Jim"]
[Result "1-0"]
[WhiteElo "1979"]
[BlackElo "1802"]
[PlyCount "41"]
[EventDate "2006.11.07"]
[EventType "tourn"]
[EventRounds "6"]
[EventCountry "CAN"]

1. f4 d5 2. Nf3 Bg4 3. e3 Nd7 4. b3 e5 5. fxe5 Nxe5 6. Be2 Bxf3 7. Bxf3 Qh4+ 8.
g3 Qf6 9. O-O Nxf3+ 10. Qxf3 Qxf3 11. Rxf3 Nf6 12. Bb2 Be7 13. d3 O-O 14. Nd2
Rae8 15. a4 Bc5 16. Bxf6 Rxe3 17. d4 Rxf3 18. Nxf3 Bb6 19. a5 gxf6 20. axb6
axb6 21. Ra7 1-0

[Event "Grand Prix Finals A"]
[Site "Winnipeg CAN"]
[Date "2006.11.14"]
[Round "2"]
[White "Babb, Jeff"]
[Black "Lauritson, Jim"]
[Result "1-0"]
[WhiteElo "2140"]
[BlackElo "1802"]
[PlyCount "107"]
[EventDate "2006.11.07"]
[EventType "tourn"]
[EventRounds "6"]
[EventCountry "CAN"]

1. c4 c5 2. Nf3 Nf6 3. Nc3 Nc6 4. d4 cxd4 5. Nxd4 d6 6. e4 e6 7. Be2 Be7 8. O-O
O-O 9. Be3 a6 10. Rc1 Nxd4 11. Bxd4 Bd7 12. f3 Bc6 13. Qd2 Rc8 14. Rfd1 Nd7 15.
Kh1 Kh8 16. b4 b6 17. Qb2 f6 18. Qb3 Qe8 19. a4 Ba8 20. Be3 Qg6 21. c5 bxc5 22.
Qxe6 Qe8 23. Bxa6 Rc7 24. bxc5 Nxc5 25. Bxc5 Rxc5 26. Bb5 Qd8 27. Nd5 Bxd5 28.
exd5 Rc7 29. Re1 Rxc1 30. Rxc1 f5 31. f4 g5 32. Re1 Bf6 33. fxg5 Bxg5 34. Bd3
Bd2 35. Rf1 f4 36. Qh6 Qe7 37. Bxh7 Qg7 38. Qxg7+ Kxg7 39. Bd3 Rc8 40. Bb5 Rc5
41. g3 fxg3 42. hxg3 Rc1 43. Rxc1 Bxc1 44. a5 Bd2 45. a6 Be3 46. Kg2 Kg6 47.
Kf3 Bc5 48. Kf4 Kf6 49. g4 Kg6 50. g5 Bb6 51. Be8+ Kg7 52. Kf5 Kf8 53. Bb5 Kf7
54. Bd3 1-0

[Event "Grand Prix Finals A"]
[Site "Winnipeg CAN"]
[Date "2006.11.14"]
[Round "2"]
[White "Khedkar, Jay"]
[Black "Repa, Jason"]
[Result "0-1"]
[WhiteElo "1844"]
[BlackElo "1979"]
[PlyCount "72"]
[EventDate "2006.11.07"]
[EventType "tourn"]
[EventRounds "6"]
[EventCountry "CAN"]

1. e4 e6 2. d3 d5 3. Nd2 Nf6 4. Ngf3 b6 5. c3 Be7 6. Be2 O-O 7. O-O Ba6 8. Qc2
c5 9. Rd1 Qc7 10. Nf1 Nbd7 11. Ng3 Bb7 12. exd5 Nxd5 13. d4 Nf4 14. Ne4 h6 15.
g3 Nxe2+ 16. Qxe2 Rae8 17. c4 f5 18. Bf4 e5 19. Nxe5 fxe4 20. Qg4 Nxe5 21. dxe5
Qc6 22. Rd5 Bc8 23. Qh5 Qe6 24. Qe2 Rxf4 25. gxf4 Qg6+ 26. Kh1 Bg4 27. Rg1 Bf3+
28. Qxf3 Qxg1+ 29. Kxg1 exf3 30. Rd3 Kf7 31. Kf1 Ke6 32. Rxf3 Kf5 33. Ke2 Rd8
34. Rg3 g6 35. Rh3 h5 36. Rg3 Rd4 0-1

[Event "Grand Prix Finals A"]
[Site "Winnipeg CAN"]
[Date "2006.11.21"]
[Round "3"]
[White "Lauritson, Jim"]
[Black "Khedkar, Jay"]
[Result "0-1"]
[WhiteElo "1802"]
[BlackElo "1844"]
[PlyCount "110"]
[EventDate "2006.11.07"]
[EventType "tourn"]
[EventRounds "6"]
[EventCountry "CAN"]

1. d4 Nf6 2. Nf3 e6 3. c4 c5 4. Nc3 cxd4 5. Nxd4 Nc6 6. Ndb5 d6 7. Bf4 e5 8.
Bg5 a6 9. Na3 Be6 10. e4 Be7 11. Nc2 O-O 12. Bxf6 Bxf6 13. Be2 Bg5 14. O-O Qb6
15. b3 Rad8 16. Bg4 Qc7 17. Nd5 Qd7 18. Nce3 Nd4 19. g3 Bxe3 20. Nxe3 Bxg4 21.
Qxg4 Qxg4 22. Nxg4 f5 23. exf5 Nxf5 24. Rad1 h5 25. Ne3 Nxe3 26. fxe3 Rxf1+ 27.
Kxf1 Kf7 28. Ke2 Ke6 29. e4 Rc8 30. Rf1 b5 31. cxb5 Rc2+ 32. Kd3 Rxa2 33. bxa6
Rxa6 34. Kc4 Ra2 35. h4 Rd2 36. Kc3 Rd4 37. Re1 d5 38. exd5+ Kxd5 39. Re2 Rg4
40. Re3 e4 41. b4 Rg6 42. Kd2 Rb6 43. Rb3 Kc4 44. Rb1 Kd4 45. b5 Ke5 46. Ke3
Kf5 47. Rb3 g6 48. Kd4 Rd6+ 49. Kc5 Rd3 50. Kc4 Rxb3 51. Kxb3 Kg4 52. b6 e3 53.
Kc2 Kf3 54. b7 e2 55. b8=Q e1=Q 0-1

[Event "Grand Prix Finals A"]
[Site "Winnipeg CAN"]
[Date "2006.11.21"]
[Round "3"]
[White "Repa, Jason"]
[Black "Babb, Jeff"]
[Result "0-1"]
[WhiteElo "1979"]
[BlackElo "2140"]
[PlyCount "36"]
[EventDate "2006.11.07"]
[EventType "tourn"]
[EventRounds "6"]
[EventCountry "CAN"]

1. e4 e5 2. Nf3 Nc6 3. Bb5 a6 4. Bxc6 dxc6 5. O-O Bd6 6. d4 exd4 7. Qxd4 f6 8.
Re1 Be6 9. Be3 Ne7 10. Nbd2 O-O 11. Rad1 Qe8 12. b3 Rd8 13. Qa7 Rb8 14. Qd4 Rd8
15. Qa7 Rb8 16. Qd4 Qf7 17. Qc3 Qh5 18. Bc5 Qxc5 0-1

[Event "Grand Prix Finals A"]
[Site "Winnipeg CAN"]
[Date "2006.11.28"]
[Round "4"]
[White "Babb, Jeff"]
[Black "Repa, Jason"]
[Result "1-0"]
[WhiteElo "2140"]
[BlackElo "1979"]
[PlyCount "61"]
[EventDate "2006.11.07"]
[EventType "tourn"]
[EventRounds "6"]
[EventCountry "CAN"]

1. c4 c6 2. g3 d5 3. Bg2 Nf6 4. Na3 e6 5. b3 Nbd7 6. Bb2 Bd6 7. Nf3 O-O 8. O-O
Ng4 9. d3 f5 10. Nc2 Qe7 11. Qd2 Ndf6 12. h3 Nh6 13. Ne5 f4 14. gxf4 Nh5 15. e3
Bd7 16. Ne1 Rf5 17. N1f3 Raf8 18. Kh1 Be8 19. Rg1 Nf6 20. Bf1 Bh5 21. Be2 Qe8
22. Rg3 g6 23. Rag1 Nd7 24. Nxd7 Qxd7 25. Nh4 Bxe2 26. Qxe2 e5 27. Nxf5 Nxf5
28. fxe5 Be7 29. Rxg6+ hxg6 30. Rxg6+ Ng7 31. e6 1-0

[Event "Grand Prix Finals A"]
[Site "Winnipeg CAN"]
[Date "2006.11.28"]
[Round "4"]
[White "Khedkar, Jay"]
[Black "Lauritson, Jim"]
[Result "0-1"]
[WhiteElo "1844"]
[BlackElo "1802"]
[PlyCount "120"]
[EventDate "2006.11.07"]
[EventType "tourn"]
[EventRounds "6"]
[EventCountry "CAN"]

1. d4 Nf6 2. c4 e6 3. Nf3 Bb4+ 4. Bd2 Qe7 5. Nc3 b6 6. e3 Bb7 7. Bd3 O-O 8. O-O
d6 9. Re1 Bxc3 10. Bxc3 Ne4 11. Rc1 Nd7 12. Nd2 f5 13. f3 Nxc3 14. Rxc3 Qf6 15.
Qa4 Rf7 16. c5 dxc5 17. e4 Qxd4+ 18. Qxd4 cxd4 19. Rxc7 Nc5 20. Rxf7 Kxf7 21.
Bc4 fxe4 22. fxe4 Ke7 23. b4 Na4 24. Nf3 Rd8 25. Ne5 Nc3 26. Rf1 Rf8 27. Rxf8
Kxf8 28. Nf3 e5 29. Nxe5 Bxe4 30. Kf2 Ke7 31. g3 b5 32. Bb3 Kd6 33. Nf7+ Kc6
34. Ne5+ Kc7 35. Ke1 Bd5 36. Bxd5 Nxd5 37. Nf3 Nxb4 38. Nxd4 Kb6 39. a3 Nd5 40.
Ne6 g6 41. Kd2 a5 42. Kd3 Kc6 43. Kd4 Nf6 44. h3 Ne8 45. g4 h6 46. Nf4 g5 47.
Nd3 Nd6 48. Ne5+ Kb6 49. Kd5 Kc7 50. Kd4 b4 51. axb4 axb4 52. Nd3 b3 53. Kc3
Kc6 54. Kxb3 Kd5 55. Kc2 Ke4 56. Kd2 Kf3 57. Ke1 Kg2 58. Nf2 Nc4 59. Ke2 Ne5
60. Ke3 Nf3 0-1

[Event "Grand Prix Finals A"]
[Site "Winnipeg CAN"]
[Date "2006.12.05"]
[Round "5"]
[White "Lauritson, Jim"]
[Black "Babb, Jeff"]
[Result "1/2-1/2"]
[WhiteElo "1802"]
[BlackElo "2140"]
[PlyCount "72"]
[EventDate "2006.11.07"]
[EventType "tourn"]
[EventRounds "6"]
[EventCountry "CAN"]

1. d4 Nf6 2. c4 c5 3. d5 b5 4. Nf3 b4 5. Nbd2 d6 6. e4 Nbd7 7. Bd3 g6 8. Qe2
Nh5 9. Nf1 Bg7 10. Ng3 Nxg3 11. hxg3 h5 12. Bf4 Qc7 13. O-O O-O 14. Rfe1 Ne5
15. Nxe5 dxe5 16. Be3 Bd7 17. a3 a5 18. axb4 axb4 19. Qf1 Ba4 20. Ra2 Ra5 21.
Rea1 Rfa8 22. Qb1 Bb3 23. Rxa5 Rxa5 24. f3 Bf8 25. Kh2 e6 26. dxe6 fxe6 27. f4
Rxa1 28. Qxa1 Qd6 29. Qf1 Bg7 30. f5 exf5 31. exf5 Ba4 32. fxg6 Be8 33. Be4
Bxg6 34. Bxg6 Qxg6 35. Bxc5 b3 36. Qf3 Qc2 1/2-1/2

[Event "Grand Prix Finals A"]
[Site "Winnipeg CAN"]
[Date "2006.12.05"]
[Round "5"]
[White "Repa, Jason"]
[Black "Khedkar, Jay"]
[Result "1/2-1/2"]
[WhiteElo "1979"]
[BlackElo "1844"]
[PlyCount "83"]
[EventDate "2006.11.07"]
[EventType "tourn"]
[EventRounds "6"]
[EventCountry "CAN"]

1. f4 Nf6 2. Nf3 c5 3. e3 e6 4. b3 Be7 5. Bb2 d6 6. Bd3 Nc6 7. O-O O-O 8. a3
Nd5 9. Nc3 Bf6 10. Qe1 Nxc3 11. Bxc3 Bxc3 12. dxc3 h6 13. c4 e5 14. Rd1 exf4
15. exf4 Re8 16. Qg3 Qf6 17. Rf2 Re3 18. Rfd2 Nd4 19. Kf2 Qe7 20. Re1 Rxe1 21.
Nxe1 Bd7 22. Qe3 Qh4+ 23. Qg3 Qxg3+ 24. Kxg3 Re8 25. Kf2 Bc6 26. a4 Kf8 27. g3
Rxe1 28. Kxe1 Nf3+ 29. Kd1 Nxd2 30. Kxd2 Ke7 31. Ke3 Ke6 32. g4 d5 33. cxd5+
Bxd5 34. Be4 g6 35. a5 b5 36. axb6 axb6 37. h4 Bxe4 38. Kxe4 f5+ 39. gxf5+
gxf5+ 40. Kd3 Kd5 41. h5 b5 42. c4+ 1/2-1/2